• 首页
  • 本馆介绍
  • 公告通知
  • 最新文献
  • 馆藏检索
  • 电子资源
  • 读者导购
  • 参考咨询
  • 我的图书馆
  • 登录
  • 详细信息显示
  • 放入我的书架
  • 预约/预借图书
  • 作者相关作品
  • 分类相关作品
  • 丛书相关作品
  • 出版社相关作品

书目信息

  • 表格格式
  • 工作单格式
  • 卡片格式
题名:
囚徒健身
    
 
作者: 威德 著 ;谷红岩 译
分册: 2  
出版信息: 北京   北京科学技术出版社  2014.11
页数: 10,261页
开本: 24cm
丛书名:
单 册:
中图分类: G883.19
科图分类:
主题词: 男性--健身运动 , 男性 , 健身运动
电子资源:
ISBN: 978-7-5304-7439-6
000 01426nam0 2200325 450
001 0020141014241
005 20170327084241.10
010    @a978-7-5304-7439-6@dCNY79.00
010    @a978-7-5304-7440-2@dCNY158.00(全2册)
100    @a20141114d2014 em y0chiy0110 ea
101 1  @achi@ceng
102    @aCN@b110000
105    @aa z 000yy
106    @ar
200 1  @a囚徒健身@9qiu tu jian shen@h2@e用古老的智慧成就再无弱点的不败身躯@f(美)保罗·威德(Paul Wade)著@g谷红岩译
210    @a北京@c北京科学技术出版社@d2014.11
215    @a10,261页@c图@d24cm
312    @a封面英文题名:Convict conditioning Ⅱ
330    @a通过续集《囚徒健身2》,保罗·威德带领我们深入了解“身体锻炼”中的精妙技艺和知识,将我们对自身体重锻炼的认识提升到最高层次。书中以平实的语言道出了朴素却早已为人遗忘的真理:什么是柔韧性?灵活性?健身需要怎样的营养?怎样的心理?怎样有针对性地锻炼关节?受伤(这里说的是真正的受伤)后怎样完美恢复?等等。关于这些,你都能从中找到能受用一生的知识。
333    @a健身爱好者
510 1  @aConvict conditioning@hⅡ@zeng
517 1  @a用古老的智慧成就再无弱点的不败身躯@9yong gu lao de zhi hui cheng jiu zai wu ruo dian de bu bai shen qu
606 0  @a男性@x健身运动
606 0  @a男性
606 0  @a健身运动
690    @aG883.19@v5
701  0 @c(美)@a威德@9wei de@c(Wade, Paul@f1957-)@4著
702  0 @a谷红岩@9gu hong yan@4译
801  0 @aCN@b人天书店@c20141114
905    @b981220-23@dG883.19@e92:2@f4
    
    囚徒健身.2:用古老的智慧成就再无弱点的不败身躯/(美)保罗·威德(Paul Wade)著/谷红岩译.-北京:北京科学技术出版社,2014.11
    10,261页:图;24cm
    使用对象:健身爱好者
    
    ISBN 978-7-5304-7439-6:CNY79.00
    通过续集《囚徒健身2》,保罗·威德带领我们深入了解“身体锻炼”中的精妙技艺和知识,将我们对自身体重锻炼的认识提升到最高层次。书中以平实的语言道出了朴素却早已为人遗忘的真理:什么是柔韧性?灵活性?健身需要怎样的营养?怎样的心理?怎样有针对性地锻炼关节?受伤(这里说的是真正的受伤)后怎样完美恢复?等等。关于这些,你都能从中找到能受用一生的知识。
●
相关链接 在E读中查询图书 在五车中查询图书 在当当中查询图书 在豆瓣中查询图书


正题名:囚徒健身     索取号:G883.19/92:2         预约/预借

序号 登录号 条形码 馆藏地/架位号 状态 备注
1 981220   209812201   第一样本阅览室/ [索取号:G883.19/92:2] 在馆    
2 981221   209812210   第四借阅区/ [索取号:G883.19/92:2] 在馆    
3 981222   209812229   第四借阅区/ [索取号:G883.19/92:2] 在馆    
4 981223   209812238   密集书库-体育系/ [索取号:G883.19/92:2] 在馆    
唐山师范学院图书馆 欢迎您!
大连网信软件有限公司© 版权所有